Lambs "Tales from Shakespear (Record no. 31812)

MARC details
000 -LEADER
fixed length control field 00695nam a2200169Ia 4500
020 ## - INTERNATIONAL STANDARD BOOK NUMBER
ISBN 0582528518
050 ## - CALL MARK
Classification number PR 2877 .L33 .C48/
245 #0 - TITLE STATEMENT
Title Lambs "Tales from Shakespear
260 ## - PUBLICATION, DISTRIBUTION, ETC. (IMPRINT)
Place of publication Harlow
260 ## - PUBLICATION, DISTRIBUTION, ETC. (IMPRINT)
Name of publisher Longman
260 ## - PUBLICATION, DISTRIBUTION, ETC. (IMPRINT)
Year of publication 2009
300 ## - PHYSICAL DESCRIPTION
Number of Pages 127 p
650 ## - SUBJECT ADDED ENTRY--TOPICAL TERM
Topical Term Lamb, Charles, 1775-1834. Tales from Shakespeare. Lamb, Mary, 1764-1847--Criticism and interpretation. Shakespeare, William, 1564-1616--Adaptations. Shakespeare, William, 1564-1616--Stories, plots, etc. Children's literature, English--History and criticism. Children--Books and reading--Great Britain--History--19th century.
942 ## - ADDED ENTRY ELEMENTS (KOHA)
Koha item type Books
Holdings
Withdrawn status Lost status Source of classification or shelving scheme Damaged status Not for loan Permanent Location Current Location Shelving location Date acquired Accession Number Price effective from Koha item type
    Library of Congress Classification     NILE UNIVERSITY OF NIGERIA - MAIN LIBRARY NILE UNIVERSITY OF NIGERIA - MAIN LIBRARY Items on shelf 04/23/2025 0004560 04/23/2025 Books